[Event "Hungaroil"]
[Site "Siofok"]
[Date "1990.??.??"]
[Round "11"]
[White "Palkovi, Jozsef"]
[Black "Kallai, Gabor"]
[Result "1/2-1/2"]
[WhiteElo "2460"]
[BlackElo "2410"]

1.e4 c5 2.Nf3 Nc6 3.d4 cxd4 4.Nxd4 e6 5.Nc3 Qc7 6.Be2 a6 7.O-O Nf6 8.Kh1 Be7
9.Be3 O-O 10.f4 d6 11.Qe1 Re8  1/2-1/2

[Event "Smederevska Palanka m"]
[Site "Smederevska Palanka"]
[Date "1990.??.??"]
[Round "4"]
[White "Djoric, Dusan"]
[Black "Arakhamia, Ketevan"]
[Result "1-0"]
[WhiteElo "2360"]
[BlackElo "2385"]

1.e4 c5 2.Nf3 e6 3.Nc3 Nc6 4.d4 cxd4 5.Nxd4 d6 6.Be3 Nf6 7.Be2 Be7 8.g4 h6
9.h4 a6 10.Rg1 Nh7 11.g5 hxg5 12.hxg5 Bxg5 13.Nxc6 bxc6 14.Bxg5 Nxg5 15.Qd2 Nh3
16.Rxg7 Qf6 17.Rg2 Nf4 18.Rg1 e5 19.O-O-O Ke7 20.Bc4 Rh2 21.Kb1 Ng6 22.Na4 Rb8
23.Qa5 Rb7 24.Nb6 Bh3 25.Qxa6 Rc7 26.Qa3 Bd7 27.Bb3 Rxf2 28.Qa8 Be6 29.Qb8 Rd7
30.Nc8+ Kf8 31.Bxe6 fxe6 32.Rxg6  1-0

[Event "URS-qualJ"]
[Site "Sochi"]
[Date "1990.??.??"]
[Round "?"]
[White "Ulibin, Mikhail"]
[Black "Frolov, Artur"]
[Result "1/2-1/2"]
[WhiteElo "2460"]
[BlackElo "2485"]

1.e4 c5 2.Nf3 e6 3.d4 cxd4 4.Nxd4 Nc6 5.Nc3 d6 6.Be3 a6 7.f4 Nge7 8.Nb3 Ng6
9.Qf3 Be7 10.O-O-O Qc7 11.f5 Nge5 12.Qg3 g6 13.Be2 Bd7 14.Rhf1 b5 15.f6 Bf8
16.Kb1 Rb8 17.Qf2 h5 18.h3 Nc4 19.Bxc4 bxc4 20.Nd4 Qb7 21.Bc1 h4 22.g4 hxg3
23.Qxg3 Rh5 24.Nde2 Qb4 25.h4 Na7 26.Rh1 Nb5 27.Ka1 Nxc3 28.Nxc3 Rb6 29.a3 Qa5
30.Rd4 Rc6 31.Rhd1 Qc7 32.Bg5 Rb6 33.Ne2 e5 34.R4d2 Qb7 35.Qc3 Rb5 36.Ng3 Rh7
37.Re1 Be6 38.Rh2 Qb6 39.Rd1 Qa5 40.Qxa5 Rxa5 41.Ne2 Kd7 42.Nc3 Rc5 43.Rhd2 Rc6
44.Rg1 Bh6 45.Ka2 Bxg5 46.hxg5 Rb6 47.a4 Kc7 48.Ka3 Rh3 49.Ka2 Rh5 50.Rg3 Rb8
51.Rg1 Rbh8 52.Rgd1 Rh2 53.Rxd6 Rxc2 54.Rxa6 Rhh2 55.Nb5+ Kb7 56.Rdd6 Rxb2+
57.Ka1 Ra2+ 58.Kb1 Rhb2+ 59.Kc1 Rc2+ 60.Kb1 Rab2+ 61.Ka1 Ra2+  1/2-1/2

[Event "BUL-FRA m"]
[Site "Sofia"]
[Date "1990.??.??"]
[Round "2"]
[White "Apicella, Manuel"]
[Black "Semkov, Semko"]
[Result "1/2-1/2"]
[WhiteElo "2390"]
[BlackElo "2450"]

1.e4 c5 2.Nf3 e6 3.d4 cxd4 4.Nxd4 Nc6 5.Nc3 Qc7 6.Be2 a6 7.O-O Nf6 8.Be3 Be7
9.f4 d6 10.Bf3 Bd7 11.a4 O-O 12.Kh1 Nxd4 13.Qxd4 Bc6 14.Qd2 b5 15.axb5 axb5
16.Rxa8 Rxa8 17.e5 dxe5 18.fxe5 Nd7 19.Bxc6 Qxc6 20.Bd4 Rf8 21.Ne2  1/2-1/2

[Event "BUL-FRA m"]
[Site "Sofia"]
[Date "1990.??.??"]
[Round "7"]
[White "Boudy, Julio"]
[Black "Kirov, Nino"]
[Result "1/2-1/2"]
[WhiteElo "2305"]
[BlackElo "2445"]

1.e4 c5 2.Nf3 e6 3.d4 cxd4 4.Nxd4 Nc6 5.Nc3 Qc7 6.g3 a6 7.Bg2 Nf6 8.O-O Be7
9.Re1 O-O 10.Nxc6 dxc6 11.e5 Rd8 12.Qf3 Nd5 13.h4 Nxc3 14.Qxc3 h6  1/2-1/2

[Event "BUL-FRA m"]
[Site "Sofia"]
[Date "1990.??.??"]
[Round "10"]
[White "Apicella, Manuel"]
[Black "Kirov, Nino"]
[Result "1/2-1/2"]
[WhiteElo "2390"]
[BlackElo "2445"]

1.e4 c5 2.Nf3 e6 3.d4 cxd4 4.Nxd4 Nc6 5.Nc3 Qc7 6.Be2 a6 7.O-O Nf6 8.Be3 Be7
9.f4 d6 10.Bf3 O-O 11.a4 Na5  1/2-1/2

[Event "Stara Zagora zt-A"]
[Site "Stara Zagora"]
[Date "1990.??.??"]
[Round "3"]
[White "Kuczynski, Robert"]
[Black "Ninov, Kiril"]
[Result "1/2-1/2"]
[WhiteElo "2460"]
[BlackElo "2465"]

1.e4 c5 2.Nf3 e6 3.d4 cxd4 4.Nxd4 Nc6 5.Nc3 Qc7 6.Be2 a6 7.O-O Nf6 8.Be3 Bb4
9.Nxc6 bxc6 10.Na4 O-O 11.Nb6 Rb8 12.Nxc8 Rfxc8 13.Bxa6 Rf8 14.Bd3 Bd6 15.b3 e5
16.f4 exf4 17.Bd4 f3 18.Rxf3 Bxh2+ 19.Kh1 Be5 20.Bxe5 Qxe5 21.Rf5 Qd4 22.Qg1 Qxg1+
23.Kxg1 Rbe8 24.Rf4 d6 25.a4 Nd7 26.a5 Ne5 27.Rff1 Rb8 28.Rfd1 Rfd8 29.Be2 Kf8
30.Ra4 c5 31.a6 Ke7 32.Kf2 Rb6 33.Rb1 Ra8 34.Rba1 Kd7 35.R1a3 Kc6 36.c3 Ra7
37.b4 Kc7 38.Ra1 Kb8 39.Rd1 Rc7 40.Rd5 Ka7 41.b5 Re7 42.Rd1 Re6 43.g3 Rf6+
44.Kg2 Rb8 45.Ra2 Rb6 46.Rad2 Kb8 47.Rd5 Re6 48.R5d2 Kc7 49.c4 Re8 50.Rh1 h6
51.Rf1 f6 52.Ra1 Ra8 53.Kf2 Ra7 54.Bf1 Kd8 55.Ke3 Ke7 56.Be2 Rb8 57.Rdd1 Nd7
58.Kf4 Ne5 59.Ra2 Rb6 60.Ke3 Rb8 61.Rad2 Rb6 62.Rd5 Ra8 63.Kd2 Kd7 64.Kc3 Kc7
65.Rxe5 fxe5 66.Rf1 Ra7 67.Rf7+ Kb8 68.Rf8+ Kc7 69.Rg8 Rb8 70.Rxg7+ Kb6 71.Rg6 Rd8
72.Rxh6 Rg7 73.g4 Rdd7 74.Kd2 Rh7 75.Rf6 Kc7 76.Ke3 Rde7 77.Rf5 Rh8 78.Bf3 Rg7
79.Kf2 Rh2+ 80.Ke1 Rc2 81.Be2 Ra2 82.Kf1 Rh7 83.Rf2 Ra1+ 84.Kg2 Rah1 85.Bf1 R7h2+
86.Kg3 Rxf2 87.Kxf2 Rh7 88.Kg2 Kb6 89.Bd3 Rh6 90.Be2 Rh8 91.Kg3 Rg8 92.Bf1 Rg7
93.Kh4 Rh7+ 94.Kg3 Rg7 95.Bh3 Rg8 96.Bg2 Rg7 97.Kh4 Rh7+ 98.Kg3 Rg7 99.Bh1 Rh7
100.Bf3 Rg7 101.Bd1  1/2-1/2

[Event "Stara Zagora zt-A"]
[Site "Stara Zagora"]
[Date "1990.??.??"]
[Round "9"]
[White "Dimitrov, Vladimir"]
[Black "Gdanski, Jacek"]
[Result "1-0"]
[WhiteElo "2455"]
[BlackElo "2430"]

1.e4 c5 2.Nf3 e6 3.d4 cxd4 4.Nxd4 Nc6 5.Nc3 Qc7 6.Be2 a6 7.O-O Nf6 8.Be3 Be7
9.f4 d6 10.a4 O-O 11.Kh1 Re8 12.Bg1 e5 13.Nxc6 bxc6 14.fxe5 dxe5 15.Bc4 a5
16.Qe2 Bb4 17.Na2 Bf8 18.Nc1 Bg4 19.Qe3 Bh5 20.Nb3 Bg6 21.Nd2 Rab8 22.h3 Red8
23.Bd3 Rb4 24.Nc4 Nh5 25.Bf2 Rbb8 26.Qa7 Qxa7 27.Bxa7 Ra8 28.Bb6 Re8 29.Bxa5 Nf4
30.Bc3 Nxd3 31.cxd3 f6 32.a5 Ra6 33.b4 Rb8 34.Rab1 Bf7 35.Rfd1 Be7 36.Be1 Be6
37.Nb6 Kf7 38.Rdc1 Bd8 39.Bf2 Bxb6 40.Bxb6 Bd7 41.Rc4 Be8 42.Kg1 Raa8 43.Kf2 Rb7
44.Ke3 Re7 45.Ra1 Re6 46.Bc5 Ra6 47.d4 exd4+ 48.Rxd4 Re5 49.Kd3 Kg6 50.Rd6 Bf7
51.Kd4 Ra8 52.a6 Kg5 53.a7 Bg6 54.Re1 Be8 55.Re3 h5 56.Rg3+ Kh6 57.h4 Kh7
58.Rf3 Re7 59.Ra3 Bg6 60.Re3 Be8 61.e5 f5 62.g3 Raxa7 63.Bxa7 Rxa7 64.Rd8 Bg6
65.e6 Rb7 66.Kc5 Rb5+ 67.Kc4 f4 68.gxf4 Rf5 69.Rd7 Be8 70.Re5  1-0

[Event "Tatran Cup"]
[Site "Stary Smokovec"]
[Date "1990.??.??"]
[Round "2"]
[White "Horvath, Jozsef"]
[Black "Fominyh, Alexander"]
[Result "1/2-1/2"]
[WhiteElo "2540"]
[BlackElo "2530"]

1.e4 c5 2.Nf3 e6 3.d4 cxd4 4.Nxd4 Nc6 5.Nc3 Qc7 6.f4 a6 7.Nxc6 bxc6 8.Bd3 d5
9.O-O Nf6 10.Kh1 Be7 11.b3 c5  1/2-1/2

[Event "Tatran Cup"]
[Site "Stary Smokovec"]
[Date "1990.??.??"]
[Round "5"]
[White "Hracek, Zbynek"]
[Black "Horvath, Jozsef"]
[Result "1/2-1/2"]
[WhiteElo "2475"]
[BlackElo "2540"]

1.e4 c5 2.Nf3 e6 3.d4 cxd4 4.Nxd4 Nc6 5.Nc3 Qc7 6.g3 d6 7.Bg2 Nf6 8.O-O Nxd4
9.Qxd4 Bd7 10.a4 a6 11.b3 Be7 12.Bb2 O-O 13.a5 Rfd8 14.Rfc1 Ne8 15.Qe3 Rab8
16.Ne2 Bf6 17.Bd4 Bxd4 18.Nxd4 Rdc8 19.c3 h6 20.b4 Nf6 21.f4 Ng4 22.Qe2 e5
23.fxe5 Nxe5 24.Nf5 Be6 25.h3 Rf8 26.Nd4 Bc4 27.Qd2 Rbd8 28.Re1 Kh7 29.Rad1 g6
30.Nf3 Bb3 31.Rb1 Be6 32.Kh2 Rd7 33.Qe3 Rc8 34.Rbc1 Qd8 35.Red1 Kg7 36.Bf1 Rcc7
37.Be2 Qe7 38.Nxe5 dxe5 39.Rxd7 Rxd7 40.h4 Qd8 41.Rc2 h5 42.Kg2 Qc7 43.Rd2  1/2-1/2

[Event "Stockholm"]
[Site "Stockholm"]
[Date "1990.??.??"]
[Round "?"]
[White "Hellers, Ferdinand"]
[Black "Fedorowicz, John P"]
[Result "1/2-1/2"]
[WhiteElo "2520"]
[BlackElo "2565"]

1.e4 c5 2.Nf3 Nc6 3.d4 cxd4 4.Nxd4 e6 5.Nc3 Qc7 6.g3 a6 7.Bg2 d6 8.O-O Be7
9.Re1 Bd7 10.Nxc6 Bxc6 11.Qg4 h5 12.Qe2 h4 13.b3 hxg3 14.hxg3 Qa5 15.Bd2 Qh5
16.Qxh5 Rxh5 17.Bf3 Rh8 18.a4 Bf6 19.Rad1 Be5 20.Nb1 Nf6 21.Na3 b5 22.axb5 axb5
23.Bb4 Ke7 24.Bg2 g5 25.c4 Rab8 26.c5 dxc5 27.Bxc5+ Ke8 28.Bd6 Bxd6 29.Rxd6 Ba8
30.Ra6 Kf8 31.Nxb5 Bxe4 32.Nd6 Bg6 33.Re3  1/2-1/2

[Event "Tarrassa"]
[Site "Tarrassa"]
[Date "1990.??.??"]
[Round "10"]
[White "Illescas Cordoba, Miguel"]
[Black "Cramling, Pia"]
[Result "1/2-1/2"]
[WhiteElo "2530"]
[BlackElo "2470"]

1.e4 c5 2.Nf3 e6 3.d4 cxd4 4.Nxd4 Nc6 5.Nc3 Qc7 6.Be2 a6 7.O-O Nf6 8.Be3 Bb4
9.Na4 O-O 10.Nxc6 bxc6 11.Nb6 Rb8 12.Nxc8 Rfxc8 13.Bxa6 Rf8 14.Bd3 Bd6 15.f4 e5
16.b3 exf4 17.Bd4 f3 18.e5 f2+ 19.Rxf2 Bxe5 20.Bxe5 Qxe5 21.Kh1 Rbe8 22.Rf5 Qc3
23.Rf3 Qe5 24.Rf5 Qc3 25.Rf3 Qe5  1/2-1/2

[Event "Val Maubuee op"]
[Site "Val Maubuee"]
[Date "1990.??.??"]
[Round "?"]
[White "Boudre, Jean Pierre"]
[Black "Chevallier, Didier"]
[Result "0-1"]
[WhiteElo "2355"]
[BlackElo "2255"]

1.e4 c5 2.Nf3 e6 3.d4 cxd4 4.Nxd4 Nc6 5.Nc3 Nf6 6.Ndb5 d6 7.Bf4 e5 8.Bg5 a6
9.Na3 b5 10.Bxf6 gxf6 11.Nd5 Bg7 12.Bd3 Ne7 13.Qf3 Nxd5 14.exd5 Qd7 15.O-O-O f5
16.Qh5 e4 17.f3 exd3 18.Rhe1+ Kf8 19.Rxd3 Bb7 20.Rde3 Rc8 21.g4 fxg4 22.fxg4 h6
23.c3 b4 24.Nc2 bxc3 25.bxc3 Bxc3  0-1

[Event "Val Maubuee op"]
[Site "Val Maubuee"]
[Date "1990.??.??"]
[Round "?"]
[White "Chevallier, Didier"]
[Black "Belkhodja, Slim"]
[Result "1-0"]
[WhiteElo "2255"]
[BlackElo "2400"]

1.e4 c5 2.Nf3 Nc6 3.d4 cxd4 4.Nxd4 e6 5.Nc3 d6 6.Bc4 Nf6 7.Bb3 Qc7 8.Be3 a6
9.f4 Na5 10.Qf3 e5 11.Nf5 Nxb3 12.axb3 Bxf5 13.exf5 Qc6 14.Qxc6+ bxc6 15.fxe5 Ng4
16.Ke2 Nxe5 17.Ra4 g6 18.f6 Kd7 19.Rha1 d5 20.Rxa6 Rxa6 21.Rxa6 Bd6 22.h3 h5
23.Na4 Re8 24.Nc5+ Bxc5 25.Bxc5 Ng4+ 26.Kd3 Nxf6 27.Ra7+ Ke6 28.Rc7 Ne4 29.b4 g5
30.Rxc6+ Ke5 31.Bb6 Kf5 32.Bc7 Nf2+ 33.Kd4 Re4+ 34.Kc5 Nd1 35.b3 Ne3 36.c3 Nxg2
37.b5 Nf4 38.b6 Re8 39.b7 Nxh3 40.Bd8  1-0

[Event "Val Maubuee op"]
[Site "Val Maubuee"]
[Date "1990.??.??"]
[Round "?"]
[White "Apicella, Manuel"]
[Black "Belkhodja, Slim"]
[Result "1/2-1/2"]
[WhiteElo "2390"]
[BlackElo "2400"]

1.e4 c5 2.Nf3 Nc6 3.d4 cxd4 4.Nxd4 e6 5.Nc3 a6 6.Be2 Nge7 7.Bf4 d6 8.Nxc6 Nxc6
9.O-O Be7 10.Qd2 O-O 11.Rfd1 Ne5 12.a4 Qc7 13.a5 b5 14.axb6 Qxb6 15.Be3 Qc6
16.Ra4 Nd7 17.Rc4 Qb7 18.f4 Rb8 19.b3 Nb6 20.Rb4 Qc7 21.Na4 Nxa4 22.Rxa4 Rd8
23.Bxa6 d5 24.e5 d4 25.Bf2 Bxa6 26.Rxa6 d3 27.cxd3 Rxb3 28.Ra7 Rbxd3 29.Rxc7 Rxd2
30.Rxd2 Rxd2 31.Bb6 Bf8 32.Rc8 Rd5 33.Bd8 Rd7 34.Ra8 f5 35.exf6 Kf7 36.Kf1 gxf6
37.Bxf6 Rd1+ 38.Ke2 Rg1 39.Kf3 Rf1+ 40.Kg4 Bd6 41.Bg5 Rf2 42.Kg3 Rf1 43.Ra7+ Kg6
44.Ra6 Rd1 45.Kf3 Kf7 46.Ra7+ Kg6 47.Be7 Bxe7 48.Rxe7 Rd3+ 49.Ke4 Rd2 50.Rxe6+ Kf7
51.Rh6 Rxg2 52.Rxh7+ Kg6 53.Rh8 Ra2 54.h4 Rh2 55.Kf3 Kf5 56.Rf8+ Kg6 57.Rg8+ Kf6
58.Rf8+ Kg7 59.Kg3 Rxh4 60.Kxh4 Kxf8 61.Kg5 Kg8 62.Kf5  1/2-1/2

[Event "Val Thorens op"]
[Site "Val Thorens"]
[Date "1990.??.??"]
[Round "2"]
[White "Lupu, Mircea Sergiu"]
[Black "Kallai, Gabor"]
[Result "0-1"]
[WhiteElo "2440"]
[BlackElo "2420"]

1.e4 c5 2.Nf3 e6 3.d4 cxd4 4.Nxd4 Nc6 5.Nc3 Qc7 6.Ndb5 Qb8 7.a4 Nf6 8.Bd3 Bc5
9.O-O h5 10.Kh1 Ng4 11.f4 a6 12.Na3 d6 13.Nc4 b6 14.Be2 O-O 15.Bxg4 hxg4
16.Be3 Rd8 17.Qxg4 d5 18.Bxc5 bxc5 19.Rf3 dxc4 20.Rg3 g6 21.e5 Nxe5 22.Qg5 Bb7
23.fxe5 Rd7 24.Rf1 Qd8 25.Qg4 Rd4 26.Qh5 Qh4 27.Qe2 Rad8 28.Qf2 R8d7 29.Rxg6+ fxg6
30.Qf8+ Kh7 31.Rf7+ Rxf7 32.Qxf7+ Kh6 33.Qf8+ Kh5 34.Qh8+ Kg4 35.h3+ Kg3
36.Ne2+ Kf2 37.Qxh4+ Rxh4  0-1

[Event "Val Thorens op"]
[Site "Val Thorens"]
[Date "1990.??.??"]
[Round "7"]
[White "Strzelecki, Krzysztof"]
[Black "Szabolcsi, Janos"]
[Result "1-0"]
[WhiteElo "2415"]
[BlackElo "2380"]

1.e4 c5 2.Nf3 e6 3.Nc3 Nc6 4.d4 cxd4 5.Nxd4 Qc7 6.Be2 a6 7.O-O Nf6 8.Kh1 Nxd4
9.Qxd4 Bc5 10.Qd3 h5 11.Qh3 b5 12.Bf3 Qe5 13.Qh4 Be7 14.Bf4 Qc5 15.e5 Nd5
16.Qg3 g6 17.Nxd5 exd5 18.Be3 Qc7 19.Bxd5 Bb7 20.Bxf7+ Kf8 21.Qxg6  1-0

[Event "Valencia op"]
[Site "Valencia"]
[Date "1990.??.??"]
[Round "?"]
[White "Oltra Caurin, Ramon"]
[Black "Zapata, Alonso"]
[Result "0-1"]
[WhiteElo "2440"]
[BlackElo "2480"]

1.e4 c5 2.Nf3 e6 3.d4 cxd4 4.Nxd4 Nc6 5.Nc3 a6 6.Nxc6 bxc6 7.Bd3 e5 8.O-O Nf6
9.Ne2 Bc5 10.Ng3 d6 11.h3 O-O 12.Qe2 Re8 13.Bd2 a5 14.a3 a4 15.Rfb1 Be6 16.Bc4 d5
17.exd5 cxd5 18.Bb5 Bd7 19.Bxd7 Nxd7 20.b4 axb3 21.Rxb3 e4 22.Bb4 Ba7 23.Rd1 Qg5
24.Nf1 d4 25.a4 Nf6 26.Bd6 Qd5 27.Bg3 Qc6 28.Ra1 Nd5 29.Qb5 Qe6 30.Kh1 f5
31.Nd2 Rac8 32.Rc1 Re7 33.Qf1 f4 34.Bh2 f3 35.gxf3 e3 36.Ne4 exf2 37.Qxf2 d3
38.Qg3 Be3 39.Rxd3 Bxc1 40.Rxd5 Bf4 41.Qg2 Rf7 42.c4 h6 43.Qg4 Qxg4 44.hxg4 Bxh2
45.Kxh2 Rxf3 46.Nd6 Ra8 47.a5 Ra3 48.Nb7 Re8 49.Rd2 Re7 50.Rb2 Ra4 51.c5 Rxg4
52.c6 Rg6 53.Rc2 Re5  0-1

[Event "Vienna op"]
[Site "Vienna"]
[Date "1990.??.??"]
[Round "5"]
[White "Valenti, Giuseppe"]
[Black "Suetin, Alexey S"]
[Result "0-1"]
[WhiteElo "2240"]
[BlackElo "2360"]

1.e4 c5 2.Nf3 Nc6 3.d4 cxd4 4.Nxd4 e6 5.Nc3 Qc7 6.g3 a6 7.Bg2 Nf6 8.O-O d6
9.Re1 Bd7 10.Nxc6 Bxc6 11.Nd5 Bxd5 12.exd5 e5 13.a4 Be7 14.a5 O-O 15.Be3 Nd7
16.b3 f5 17.c4 Bf6 18.Ra2 e4 19.f3 exf3 20.Bxf3 Bc3 21.Bd2 Bxd2 22.Qxd2 Ne5
23.Rf1 b5 24.cxb5 Qc5+ 25.Kg2 Qxb5 26.Bd1 Rac8 27.Be2 Qxb3 28.Bxa6 Rc5 29.Rb2 Qa4
30.Rf4 Qxa5 31.Qxa5 Rxa5 32.Rb6 g5 33.Rf2 Rxd5 34.Bb7 Rd4 35.Rb5 f4 36.Bd5+ Kg7
37.gxf4 gxf4 38.h3 Rf5 39.Rb7+ Kh6 40.Be6 Rf6 41.Bg4 Nd3 42.Ra2 f3+ 43.Kg3 Nc5
44.Rc7 Ne4+ 45.Kh4 f2 46.Raa7 Ng5  0-1

[Event "Vrnjacka Banja"]
[Site "Vrnjacka Banja"]
[Date "1990.??.??"]
[Round "7"]
[White "Marjanovic, Slavoljub"]
[Black "Todorovic, Goran M"]
[Result "1/2-1/2"]
[WhiteElo "2480"]
[BlackElo "2415"]

1.e4 c5 2.Nf3 e6 3.d4 cxd4 4.Nxd4 Nc6 5.Nc3 Nf6 6.Ndb5 d6 7.Bf4 e5 8.Bg5 a6
9.Na3 b5 10.Nd5 Be7 11.Bxf6 Bxf6 12.c3 O-O 13.Be2 Be6 14.O-O Ne7 15.Nxf6+ gxf6
16.Nc2 d5 17.exd5  1/2-1/2

[Event "Vrnjacka Banja"]
[Site "Vrnjacka Banja"]
[Date "1990.??.??"]
[Round "9"]
[White "Kaminski, Uwe"]
[Black "Todorovic, Goran M"]
[Result "0-1"]
[WhiteElo "2410"]
[BlackElo "2415"]

1.e4 c5 2.Nf3 e6 3.d4 cxd4 4.Nxd4 Nc6 5.Nc3 Nf6 6.Ndb5 d6 7.Bf4 e5 8.Bg5 a6
9.Na3 b5 10.Nd5 Be7 11.Bxf6 Bxf6 12.c3 O-O 13.Nc2 Bg5 14.a4 bxa4 15.Rxa4 Bb7
16.Bc4 Na5 17.Ba2 Bc6 18.Ra3 Bb5 19.h4 Bh6 20.Nce3 Kh8 21.Nf5 Nc4 22.Bxc4 Bxc4
23.b3 Bb5 24.c4 Bd7 25.Nxd6 g6 26.c5 f5 27.exf5 gxf5 28.Qh5 Bc1 29.Ra2 Bc6
30.O-O Bxd5 31.Rxc1 Qf6 32.Rd2 Bc6 33.Re1 Ra7 34.Nc4 Rg7 35.f3 Be8  0-1

[Event "Vrnjacka Banja"]
[Site "Vrnjacka Banja"]
[Date "1990.??.??"]
[Round "14"]
[White "Moutousis, Konstantinos"]
[Black "Marjanovic, Slavoljub"]
[Result "1/2-1/2"]
[WhiteElo "2390"]
[BlackElo "2480"]

1.e4 c5 2.Nf3 e6 3.d4 cxd4 4.Nxd4 Nc6 5.Nc3 Qc7 6.Be2 a6 7.O-O Nf6 8.Be3 Bb4
9.Na4 Be7 10.Nxc6 bxc6 11.Nb6 Rb8 12.Nxc8 Qxc8 13.e5 Nd5 14.Bc1 Bc5 15.c4 Ne7
16.b3 Qc7 17.Bb2 O-O 18.Qd3 Ng6 19.Qe4 d6 20.exd6 Bxd6 21.g3 c5 22.Rfd1 Rbd8
23.Qe3 Be5 24.Bxe5 Qxe5 25.Qxe5 Nxe5 26.Rxd8 Rxd8 27.Rd1 Rxd1+ 28.Bxd1 a5
29.Kf1 Kf8 30.Ke2 Ke7 31.Kd2 Kd6 32.a3 g5 33.Kc3 f5 34.h3 h6 35.Be2 Nc6 36.Bf3 Ne5
37.Be2 Nc6 38.Bf3 Ne5 39.Bg2 Nd7 40.b4 axb4+ 41.axb4 cxb4+ 42.Kxb4 Nc5 43.Kb5 e5
44.Bc6 e4 45.Bd5 Nd3 46.Kb6 Nc5 47.Bc6 f4 48.gxf4 gxf4 49.Kb5 e3 50.fxe3 fxe3
51.Bf3 Ne6 52.Kb6 Nc5  1/2-1/2

[Event "Vrnjacka Banja"]
[Site "Vrnjacka Banja"]
[Date "1990.??.??"]
[Round "15"]
[White "Kaminski, Uwe"]
[Black "Matulovic, Milan"]
[Result "1/2-1/2"]
[WhiteElo "2410"]
[BlackElo "2435"]

1.e4 c5 2.Nf3 Nc6 3.Nc3 e6 4.d4 cxd4 5.Nxd4 Qc7 6.g3 a6 7.Bg2 d6 8.O-O Be7
9.Re1 Bd7 10.a4 Nf6  1/2-1/2

[Event "Warsaw Legion op"]
[Site "Warsaw"]
[Date "1990.??.??"]
[Round "?"]
[White "Kupreichik, Viktor D"]
[Black "Kveinys, Aloyzas"]
[Result "1-0"]
[WhiteElo "2490"]
[BlackElo "2475"]

1.e4 c5 2.Nf3 e6 3.Nc3 Nc6 4.d4 cxd4 5.Nxd4 a6 6.Be2 Nge7 7.Bg5 Qa5 8.Bf4 Nxd4
9.Qxd4 Nc6 10.Qd3 Ne5 11.Qg3 d6 12.O-O Bd7 13.Rad1 Rc8 14.Kh1 Qb6 15.Bxe5 dxe5
16.f4 Qxb2 17.fxe5 Qxc3 18.Qf4 f6 19.exf6 gxf6 20.Bh5+ Kd8 21.Rd3 Qe5 22.Qd2 Rc7
23.Rd1 Qb5 24.e5 Be7 25.c4 Qa4 26.exf6 Bxf6 27.Qh6 Bb2 28.Qxe6 Kc8 29.Qb6 Ba3
30.Qa7 Rxc4 31.Qa8+ Kc7 32.Qxh8 Bc8 33.Rb3 Kb8 34.Bf3 Rc7 35.Qe5 Bc5 36.Rd8 Bb4  1-0

[Event "Warsaw Legion op"]
[Site "Warsaw"]
[Date "1990.??.??"]
[Round "?"]
[White "Erneste, Inguna"]
[Black "Bugajski, Robert"]
[Result "0-1"]
[WhiteElo "2170"]
[BlackElo "2290"]

1.e4 c5 2.Nf3 e6 3.Nc3 Nc6 4.d4 cxd4 5.Nxd4 d6 6.Be2 Nf6 7.Be3 Be7 8.O-O O-O
9.f4 Bd7 10.Nb3 a6 11.a4 b6 12.Bf3 Qc7 13.Kh1 Rfc8 14.Qe2 Be8 15.Rad1 Nd7
16.Rd2 Nc5 17.Qf2 Rab8 18.Nc1 b5 19.axb5 axb5 20.e5 Na4 21.exd6 Bxd6 22.Ne4 Be7
23.b3 Nb6 24.Nd3 Nd5 25.Bc5 Nxf4 26.Nxf4 Bxc5 27.Qxc5 Qxf4 28.g3 Qe5 29.Qf2 Rd8
30.Rfd1 Rxd2 31.Rxd2 Ne7 32.Qa7 Nf5 33.Kg2 h6 34.Rd3 Rc8 35.Qf2 Bc6 36.Rc3 Ne7
37.Rc5 Qb8 38.Kh3 f5  0-1

[Event "POL-ch"]
[Site "Warsaw"]
[Date "1990.??.??"]
[Round "2"]
[White "Pedzich, Dominik"]
[Black "Nowak, Ignacy"]
[Result "1/2-1/2"]
[WhiteElo "2405"]
[BlackElo "2405"]

1.e4 c5 2.Nf3 e6 3.d4 cxd4 4.Nxd4 Nc6 5.Nc3 Qc7 6.Be2 a6 7.Be3 Nf6 8.O-O Be7
9.f4 d6 10.Qe1 O-O 11.Rd1 Bd7 12.Qg3 b5 13.f5 Kh8 14.fxe6 fxe6 15.a3 Ne5
16.Bc1 Rae8 17.Kh1 Qb7 18.Bf3 a5 19.Rfe1 b4 20.axb4 axb4 21.Nce2 Nxf3 22.gxf3 e5
23.Nf5 Nh5 24.Qg2 Bxf5 25.exf5 Rxf5 26.Ng1 Ref8 27.Re4 d5 28.Rg4 Bc5 29.Rg5 g6
30.Rxf5 Rxf5 31.Nh3 Be7 32.Bh6 d4 33.f4 Qxg2+ 34.Kxg2 Nxf4+ 35.Nxf4 exf4
36.Kf3 Bc5 37.c3 bxc3 38.bxc3 Kg8 39.cxd4 Bf8 40.Bxf8 Kxf8 41.h4 Kf7 42.Rf1 Ke6
43.Ke4 f3 44.Rxf3 Rxf3 45.Kxf3 Kd5 46.h5  1/2-1/2

[Event "POL-ch"]
[Site "Warsaw"]
[Date "1990.??.??"]
[Round "4"]
[White "Sznapik, Aleksander"]
[Black "Jasnikowski, Zbigniew"]
[Result "1/2-1/2"]
[WhiteElo "2485"]
[BlackElo "2445"]

1.e4 c5 2.Nf3 e6 3.d4 cxd4 4.Nxd4 Nc6 5.Nc3 d6 6.Be2 Nf6 7.O-O Be7 8.Be3 O-O
9.f4 Bd7 10.Kh1 a6 11.Qe1 b5 12.a3 Nxd4 13.Bxd4 Bc6 14.Bd3 Qd7 15.Qg3 a5
16.Rae1 b4 17.axb4 axb4 18.Nd1 g6 19.Ne3 Rfe8 20.Nc4 Rad8 21.b3 d5 22.Ne5 Qb7
23.f5 Nh5 24.Qh3 exf5 25.exf5 Bf6 26.fxg6 fxg6 27.Qg4 Bd7 28.Qf3 Rf8 29.Bc5 Be7
30.Qe3 Bxc5 31.Qxc5 Nf4 32.Qd4 Nxd3 33.Nxd3 Bf5 34.Nxb4 Be4 35.Nd3 Rxf1+
36.Rxf1 Rc8 37.Nc5 Qb5 38.Qf2 Qxc5 39.Qf7+ Kh8 40.Qf6+ Kg8 41.Qe6+ Kh8 42.Qf6+ Kg8
43.Qf7+  1/2-1/2

[Event "POL-ch"]
[Site "Warsaw"]
[Date "1990.??.??"]
[Round "4"]
[White "Strzelecki, Krzysztof"]
[Black "Gdanski, Jacek"]
[Result "0-1"]
[WhiteElo "2415"]
[BlackElo "2430"]

1.e4 c5 2.Nf3 e6 3.Nc3 Nc6 4.d4 cxd4 5.Nxd4 Qc7 6.Be2 a6 7.O-O Nf6 8.Kh1 Be7
9.f4 d6 10.Be3 O-O 11.Bd3 Nxd4 12.Bxd4 e5 13.Bg1 exf4 14.Rxf4 Be6 15.Bd4 Nd7
16.Qh5 Ne5 17.Nd5 Bxd5 18.exd5 g6 19.Qh6 f5 20.g4 Bf6 21.gxf5 Nxd3 22.cxd3 Bxd4
23.Rxd4 Rxf5 24.Rg1 Qf7 25.Re4 Rf2 26.Qh3 Qxd5 27.Rg2 Rf1+ 28.Rg1 Rf5 29.Qg2 Raf8
30.Re7 Qxd3 31.Rxh7 Rf1  0-1

[Event "Warsaw"]
[Site "Warsaw"]
[Date "1990.??.??"]
[Round "8"]
[White "Balashov, Yuri S"]
[Black "Jasnikowski, Zbigniew"]
[Result "1-0"]
[WhiteElo "2535"]
[BlackElo "2445"]

1.e4 c5 2.Ne2 Nc6 3.d4 cxd4 4.Nxd4 e6 5.Nc3 d6 6.Be3 Nf6 7.f4 Be7 8.Qf3 O-O
9.O-O-O Qc7 10.Be2 a6 11.g4 Nd7 12.g5 b5 13.Nxc6 Qxc6 14.e5 d5 15.Bd3 Nc5
16.Ne2 b4 17.Nd4 Qb7 18.Kb1 a5 19.Bb5 Bd7 20.Bxd7 Nxd7 21.Qe2 Bc5 22.h4 a4
23.Rh3 Rfc8 24.h5 Bxd4 25.Bxd4 Nc5 26.Bxc5 Rxc5 27.h6 g6 28.Rd4 Rac8 29.Qd2 Qb5
30.Rhd3 Rc4 31.b3 Rc3 32.Rxc3 Rxc3 33.bxa4 Qc5 34.Kb2 Kf8 35.Rd3 Rc4 36.a3 Qa5
37.Kb3 d4 38.axb4 Qd5 39.Kb2 Qb7 40.Rxd4  1-0

[Event "Washington op"]
[Site "Washington"]
[Date "1990.??.??"]
[Round "?"]
[White "Ivanov, Alexander"]
[Black "Benjamin, Joel"]
[Result "1-0"]
[WhiteElo "2520"]
[BlackElo "2530"]

1.e4 c5 2.Nf3 Nc6 3.d4 cxd4 4.Nxd4 e6 5.Nc3 Qc7 6.g3 a6 7.Bg2 d6 8.O-O Bd7
9.Nxc6 Bxc6 10.a4 Nf6 11.Be3 Be7 12.a5 Rc8 13.Re1 O-O 14.Bb6 Qb8 15.Nd5 exd5
16.exd5 Nxd5 17.Bxd5 Bxd5 18.Qxd5 Bd8 19.Bxd8 Rcxd8  1-0

[Event "Werfen op"]
[Site "Werfen"]
[Date "1990.??.??"]
[Round "2"]
[White "Shabalov, Alexander"]
[Black "Priedite, Ingrida"]
[Result "1-0"]
[WhiteElo "2465"]
[BlackElo "2240"]

1.e4 c5 2.Nf3 e6 3.d4 cxd4 4.Nxd4 Nc6 5.Nc3 Qc7 6.g3 a6 7.Bg2 Nf6 8.O-O d6
9.b3 Bd7 10.Bb2 Be7 11.Nce2 O-O 12.c4 Rac8 13.Rc1 Qb8 14.a4 Rfd8 15.Qd2 b6
16.h3 Rc7 17.Qe3 Be8 18.f4 Nxd4 19.Nxd4 Nd7 20.g4 Nc5 21.g5 Bf8 22.h4 b5
23.cxb5 axb5 24.a5 b4 25.h5 Bb5 26.Rf3 d5 27.g6 dxe4 28.Rg3 h6 29.f5 e5 30.Nxb5 Qxb5
31.Bf1 Rd3 32.Bxd3 exd3 33.Qxe5 Qd7 34.Rd1 f6 35.Qf4 Bd6 36.Qc4+ Kh8 37.Re3 Qc6
38.Rdxd3 Rc8  1-0

[Event "Hoogovens-B"]
[Site "Wijk aan Zee"]
[Date "1990.??.??"]
[Round "4"]
[White "Hellers, Ferdinand"]
[Black "Polgar, Sofia"]
[Result "1/2-1/2"]
[WhiteElo "2525"]
[BlackElo "2410"]

1.e4 c5 2.Nf3 e6 3.d4 cxd4 4.Nxd4 Nc6 5.Nc3 a6 6.g3 d6 7.Bg2 Bd7 8.O-O Nf6
9.a4 Be7 10.Be3 O-O 11.Qe2 Qc7 12.Nxc6 Bxc6 13.a5 Nd7 14.Rfd1 Rac8 15.Qd2 f5
16.f4 fxe4 17.Nxe4 Nf6 18.Nxf6+ Rxf6 19.c3 Bxg2 20.Qxg2 Rf5 21.Qe4 Qd7 22.Bd4 Bf6
23.Bxf6 Rxf6 24.Rd4 Rc5 25.c4 Qc7 26.b4 Rcf5 27.Rad1 e5 28.Rd5 g6 29.c5 exf4
30.cxd6 Qd7 31.Rxf5 Rxf5 32.gxf4 Rf6 33.Qd5+ Kf8 34.Kh1 Rxf4 35.Rc1  1/2-1/2

[Event "Xanthi"]
[Site "Xanthi"]
[Date "1990.??.??"]
[Round "8"]
[White "Radulov, Ivan"]
[Black "Martidis, Alkis"]
[Result "1/2-1/2"]
[WhiteElo "2425"]
[BlackElo "2300"]

1.e4 c5 2.Nf3 e6 3.d4 cxd4 4.Nxd4 Nc6 5.Nc3 Qc7 6.g3 a6 7.Bg2 d6 8.O-O Bd7
9.a4 Nf6 10.Nxc6 Bxc6 11.Re1 Be7 12.a5 O-O 13.Be3 Rfe8 14.Bb6 Qc8 15.Na4 d5
16.Bd4 Bxa4 17.Rxa4 Nxe4 18.Bxe4 dxe4 19.Rxe4 Qc6 20.Bb6 Qb5 21.b3 Bc5 22.Bxc5 Qxc5
23.Rec4 Qe7 24.Qf3 Rad8 25.Rab4 Rd7 26.Rb6 e5 27.Qe4 g6 28.Rc3 Qa3 29.Rd3 Qc1+
30.Kg2 Qxc2 31.Rd4 Qxe4+ 32.Rxe4 Ree7 33.Re2  1/2-1/2